000 01231nam a22003737a 4500
001 0060576
003 KOHA_MİRAKIL
005 20260207004303.0
007 ta
008 170726b2017 tu |||gr||||#||||0|tur |
020 _a9786055294632
040 _aTR-BiSEU
_btur
_cTR-BiSEU
_erda
041 0 _atur
044 _ctu
050 _aTA684
_b.C45 2017
245 0 _aÇelik yapıların tasarım, hesap ve yapım esaslarına dair yönetmelik :
_buygulama kılavuzu/
_cT.C. Çevre ve Şehircilik Bakanlığı.
264 1 _aAnkara :
_bÇevre ve Şehircilik Bakanlığı
_c2017
300 _aXII, 452 sayfa ;
_c30 cm
336 _ametin
_btxt
_2rdacontent
337 _aaracısız
_bn
_2rdamedia
338 _acilt
_bnc
_2rdacarrier
490 0 _a
500 _aKaynakça var.
650 0 _aYapı, Demir ve çelik.
_969405
650 0 _aİnşaat mühendisliği.
_91480
650 0 _aÇelik yapılar.
_91561
650 0 _aÇelik yapılar--Tasarım--Uygulama kılavuzu.
_9111716
650 0 _aStructure, Iron and steel.
_9111717
650 0 _aCivil engineering.
_911530
650 0 _aSteel structures.
_939834
650 0 _aSteel constructions--Design--Application guide.
_9111718
830 0 _a
_91620
942 _2lcc
_cBK
999 _c60377
_d60377